Dialektika politiky a ekonomiky

Na minha lista:
Detalhes bibliográficos
Autor principal: Pecho, Michal
Formato: Livro
Idioma:eslovaco
Publicado em: Bratislava Vysoká škola ekonomická 1988
Edição:2. preprac. vyd.
Tags: Adicionar Tag
Sem tags, seja o primeiro a adicionar uma tag!

MARC

LEADER 00000nam a2200000 4500
001 c027154
005 20221219091502.0
041 0 |a slo 
044 |a SK 
245 1 0 |a Dialektika politiky a ekonomiky  |c Michal Pecho 
250 |a 2. preprac. vyd. 
264 1 |a Bratislava  |b Vysoká škola ekonomická  |c 1988 
300 |a 251 s. 
100 1 |a Pecho, Michal